Normal view
MARC view
- Morris,Carl N
Entry Personal Name
001 - CONTROL NUMBER
- control field: 39476
003 - CONTROL NUMBER IDENTIFIER
- control field: NUST
005 - DATE AND TIME OF LATEST TRANSACTION
- control field: 20210314131445.0
008 - FIXED-LENGTH DATA ELEMENTS
- fixed length control field: 210314|| aca||aabn | a|a d
040 ## - CATALOGING SOURCE
- Original cataloging agency: NUST
- Transcribing agency: NUST
100 ## - HEADING--PERSONAL NAME
- Personal name: Morris,Carl N
670 ## - SOURCE DATA FOUND
- Source citation: Work cat.: (NUST): Morris,Carl N., Introudction to data analysis and statistal inference., 1981
